000 00343nam a22001097a 4500
999 _c15099
_d15099
008 200304b ||||| |||| 00| 0 eng d
245 _aDTI, chinese firms to promote PH as investment destination.
260 _aDavao City, Philippines;
_bSunstar Davao,
_c©2019.
300 _apage 8;
_c29.5cm.
650 _aInvestment.
_941823
942 _2ddc
_cPER